[Event "Udaipur Holi Cup 6th"]
[Site "Udaipur"]
[Date "2024.04.02"]
[Round "5"]
[White "Narayan, Iyengar"]
[Black "Samarth, Sreeni Warrier"]
[Result "0-1"]
[WhiteElo "1844"]
[BlackElo "1780"]
[PlyCount "48"]
[EventDate "2024.03.31"]
[EventType "swiss"]
[EventRounds "9"]
[EventCountry "IND"]
[SourceTitle "CB16_2024"]
[SourceDate "2024.04.17"]
[SourceVersion "1"]
[SourceVersionDate "2024.04.17"]
[SourceQuality "1"]

1. e4 c5 2. Nf3 d6 3. d4 cxd4 4. Nxd4 Nf6 5. Nc3 a6 6. Bg5 e6 7. f4 Qb6 8. Qd2 Qxb2 9. Rb1 Qa3 10. f5 Nc6 11. fxe6 Bxe6 12. Nxe6 fxe6 13. Rxb7 Be7 14. Be2 0-0 15. Rb3 Qc5 16. Be3 Qe5 17. 0-0 Nxe4 18. Rxf8+ Rxf8 19. Nxe4 Qxe4 20. Bxa6 d5 21. Bf2 Ne5 22. Re3 Qf5 23. Bd3 Qf6 24. Re1 Bb4 0-1